|
|
|
|
| LEADER |
00000nac a22000007i 4500 |
| 003 |
Ucuenca |
| 005 |
20230308230525.0 |
| 008 |
190202b1987 ck ||||| |||| 00| 0 spa d |
| 999 |
|
|
|c 156937
|d 156937
|
| 020 |
|
|
|a 958-06-0288-3
|
| 040 |
|
|
|b spa
|a UCuenca-cdrjbv
|c UCuenca
|e rda
|
| 041 |
|
|
|a spa
|
| 082 |
|
|
|a Py863.4
|
| 100 |
1 |
|
|9 5336
|a Roa Bastos, Augusto
|d 1917-2005
|
| 245 |
|
|
|a Yo, el supremo
|c Augusto Roa Bastos
|
| 264 |
|
|
|a Bogotá
|b Oveja Negra
|c 1987
|
| 300 |
|
|
|a 405 páginas:
|c 22 cm
|
| 336 |
|
|
|2 rdacontent
|a texto
|b txt
|
| 337 |
|
|
|2 rdamedia
|a no mediado
|b n
|
| 338 |
|
|
|2 rdacarrier
|a volumen
|b nc
|
| 490 |
|
|
|a Maestros de la Literatura Universal
|
| 650 |
|
|
|a Novela paraguaya
|9 5337
|
| 650 |
|
|
|a Literatura paraguaya
|9 179602
|
| 942 |
|
|
|2 ddc
|c CR
|z paola.amaya@ucuenca.edu.ec
|